000 00537nam a2200193Ia 4500
005 20260429112132.0
008 260429s9999||||xx |||||||||||||| ||und||
020 _a9781041020936
041 _aEnglish
082 _a658.0072
_bROD
100 _aRodriguez, Eduardo
245 0 _aRisk analytics :
_bdata-driven decisions under uncertainty /
_cEduardo Rodriguez
250 _a1st ed.
260 _aBoca Raton :
_bCRC Press,
_c2025.
300 _axi, 469 p.; pbk
650 _a Uncertainty
650 _aRisk analytics
942 _cTB
999 _c52526
_d52526